| 000 | 00906nam a2200265 i 4500 | ||
|---|---|---|---|
| 001 | bg | ||
| 245 | 0 | 0 |
_aPrawo spółek osobowych / _cred. Andrzej Szajkowski ; aut. Marcin Asłanowicz [et al.]. |
| 260 |
_aWarszawa : _bWydawnictwo C. H. Beck : _bInstytut Nauk Prawnych PAN, _c2008. |
||
| 300 |
_aXXVII, 1098 s. ; _c25 cm. |
||
| 490 | 1 |
_aSystem Prawa Prywatnego _vt. 16 |
|
| 500 | _aNa grzb. nazwa naczelnego red. serii: Radwański. | ||
| 504 | _aIndeks. | ||
| 650 | 9 |
_aPrawo spółek osobowych _zPolska _ystan na 2008 r. |
|
| 830 | _aSystem Prawa Prywatnego | ||
| 015 | _aPB 12074/2007 | ||
| 020 | _a9788374837071 | ||
| 040 | _cBPK | ||
| 041 | _apol | ||
| 044 | _aPOL | ||
| 080 | _a347.78(438) | ||
| 920 | _a978-83-7483-707-1 | ||
| 942 | _cKS | ||
| 008 | 070604s2007 pl l |001 0 pol | ||
| 999 |
_c55296 _d55296 |
||
| 856 |
_uhttp://koha.tu.koszalin.pl/cgi-bin/koha/opac-detail.pl?biblionumber=55296 _yKatalog online BPK |
||